000 00433nam a2200157Ia 4500
008 210716s1995 xx 000 0 und d
020 _a0395716748
041 _aeng
082 _a330 GREP
100 _aGregory, Paul R;Stuart, Robert C.
245 _aComparative economic systems.
250 _a5
260 _aNew Jersey
_bHoughton mifflin Company
_c1995
300 _axv,490
650 _aEconomic and professional ethics(174)
999 _c206052
_d206052